1987 1738 1871 1158 1303 1465 1041 1126 1083 1019 1540 1012 1491 1722 1213 1691 1165 1622 1806 1880 1151 1013 1651 1243 1738 1223 1565 1542 1839 1011 1094 1251 1130 1294 1654 1045 1520 2000 1199 1904 1505 1215 1363 1125 1021 1253 1839 1376 1378 1905 1845 1839 1010 1535 1080 1147 1566 1655 1119 1129 1917 1257 1888 1724 1303 1298 1579 1513 1975 1800 1487 1639 1309 1981 1074 1570 1494 1746 1460 1647 1097 1912 1081 1266 1472 1110 1013 1011 1043 1752 1102 1108 1148 1978 1323 1371 1569 1098 1707 BCNSPRNW ULIB Ver.6.0+V

เปลี่ยนเป็นภาษาไทย

Change to English
 แสดงรายละเอียดบรรณานุกรม
  กลับหน้าหลัก

Brief Record : Get Marc (ISO 2709) : E-mail record : QR code < ปิดหน้าต่าง
LEADER : 00000nam 2200000uu 4500
001    13399113547
003     ULIB
008    111125s2551||||th 000 0 tha d
020    ^a9789740463634
090    ^aนว.^bค310บ 2551
100 0  ^aคาซี (ปราณธร)
245 00 ^aบัลลังก์รักบนเนินทราย/^cคาซี (ปราณธร)
250    ^aพิมพ์ครั้งที่ 2
260    ^aกรุงเทพฯ :^bแจ่มใส,^c2551
300    ^a200 หน้า
710 1  ^aแจ่มใส
945    ^p149^l0^i16293
995    ^aกัณชพร
999    ^aใช้งานได้ทุกระบบ
รายการนี้ยังไม่มีแท็ก
คุณยังไม่ได้ล็อกอิน คุณสามารถมีกิจกรรมร่วมกับเว็บไซต์ได้ แต่ต้องล็อกอินก่อน ::
  ล็อกอิน

รายการสื่อสารสนเทศ

ลำดับที่ ประเภท เลขเรียก/บาร์โค้ด สถานที่ สถานะ
1. วิทยาศาสตร์การแพทย์ และสุขภาพ
วิทยาศาสตร์การแพทย์ และสุขภาพ
นว. ค310บ 2551  
  Barcode: 16293
ห้องสมุดวิทยาเขตสวรรค์ประชารักษ์
►นวนิยาย
บนชั้น
  ขอยืม

BibComment


ยังไม่เคยถูกคอมเมนท์

คอมเมนท์ทรัพยากรรายการนี้
  คอมเมนท์: บัลลังก์รักบนเนิ..


 Copyright 2026. Bcnsprnw @Library